00350pab a2200133 454500008004000000100002500040245004900065260000900114300001500123362001200138650002800150650002000178773001800198180718b2017 xxu||||| |||| 00| 0 eng d aTiwari, Pankaj Kumar aSushaasan ek avdhaarna: bhartiya paripekshya c2017 ap.306-308. aJul-Dec aGood governance - India aGood governance aLok Prashasan